| 000 | 00527nam a22001937a 4500 | ||
|---|---|---|---|
| 003 | NUST | ||
| 005 | 20230330105653.0 | ||
| 008 | 190808b ||||| |||| 00| 0 eng d | ||
| 038 | _aMr. Noman | ||
| 082 | _a658 | ||
| 100 |
_aBeg, Anum Javed _919198 |
||
| 245 |
_a"CASE STUDY ON COCA-COLA 'SHARE A COKE' CAMPAIGN'' _cANUM JAVED BEG. |
||
| 260 |
_aIslamabad: _bNBS - NUST, _c2014. |
||
| 300 |
_a37 p.: ill.; _c30cm. |
||
| 500 | _aHardcover. | ||
| 650 |
_aMBA Thesis. _917629 |
||
| 700 | _4Maria Q Faheem. | ||
| 942 |
_2ddc _cTHE |
||
| 999 |
_c527775 _d527775 |
||